[Event "European Blitz 2017"]
[Site "Katowice POL"]
[Date "2017.12.15"]
[Round "16.3"]
[White "Navara, David"]
[Black "Jaracz, Pawel"]
[Result "1-0"]
[WhiteTitle "GM"]
[BlackTitle "GM"]
[WhiteElo "2740"]
[BlackElo "2465"]
[WhiteFideId "309095"]
[BlackFideId "1102222"]
[EventDate "2017.12.15"]
[EventType "blitz"]

1. d4 d5 2. c4 c6 3. Nf3 Nf6 4. Nc3 e6 5. e3 a6 6. b3 Bb4 7. Bd2 Qe7 8. Bd3 Nbd7
9. O-O O-O 10. a3 Bxa3 11. e4 dxe4 12. Nxe4 Nxe4 13. Bxe4 Bd6 14. c5 Bc7 15. Re1
h6 16. Bb1 Nf6 17. Qc1 Rd8 18. Bxh6 gxh6 19. Qxh6 Rd5 20. g4 Bd8 21. g5 Qf8 22.
Qxf8+ Kxf8 23. gxf6 Bxf6 24. Be4 Rh5 25. b4 Ke7 26. Kh1 Rb8 27. Rg1 Bd7 28. Rg2
Rd8 29. Rd1 Bc8 30. Rgg1 Kf8 31. Bc2 Bg7 32. Rg3 Bh6 33. Rdg1 Ke7 34. Rg8 Rxg8
35. Rxg8 Bf8 36. Kg2 Bd7 37. Ne5 Be8 38. Kg3 Rh6 39. h4 f6 40. Ng4 Rh5 41. Bg6
Bxg6 42. Rxg6 Rf5 43. Ne3 Rh5 44. Kg4 Rh7 45. h5 Bh6 46. Nc4 Bc1 47. Rg8 f5+ 48.
Kh4 Bf4 49. Ne5 Bd2 50. Rb8 Kf6 51. Rf8+ Ke7 1-0

[Event "European Blitz 2017"]
[Site "Katowice POL"]
[Date "2017.12.15"]
[Round "16.5"]
[White "Bosiocic, Marin"]
[Black "Ragger, Markus"]
[Result "1-0"]
[WhiteTitle "GM"]
[BlackTitle "GM"]
[WhiteElo "2624"]
[BlackElo "2657"]
[WhiteFideId "14507927"]
[BlackFideId "1610856"]
[EventDate "2017.12.15"]
[EventType "blitz"]

1. d4 d5 2. Nf3 e6 3. e3 Nf6 4. Bd3 c5 5. b3 Nc6 6. Bb2 Bd6 7. a3 O-O 8. O-O b6
9. Ne5 Bb7 10. f4 Ne4 11. Nd2 Ne7 12. Bxe4 dxe4 13. Ndc4 Bc7 14. dxc5 b5 15. Nd6
Bxd6 16. cxd6 Nd5 17. Ng4 Qb6 18. Qd4 Qxd4 19. Bxd4 Ba6 20. Rfc1 Rac8 21. Ne5 f6
22. Nd7 Rfd8 23. Nc5 Rxd6 24. c4 bxc4 25. bxc4 Ne7 26. Nxe4 Rdc6 27. c5 Nf5 28.
g4 Nh4 29. Kf2 e5 30. fxe5 fxe5 31. Bxe5 Re8 32. Bg3 Rxe4 33. Bxh4 Rxg4 34. Bg3
Kf7 35. Bd6 Ke6 36. Rab1 Ra4 37. Rc3 g5 38. Rb4 Rxb4 39. axb4 Bb5 40. e4 Rc8 41.
Rh3 Be8 42. Rxh7 Bg6 43. Rxa7 Bxe4 44. b5 Bd5 45. b6 Rh8 46. b7 1-0

[Event "European Blitz 2017"]
[Site "Katowice POL"]
[Date "2017.12.15"]
[Round "16.6"]
[White "Mohr, Georg"]
[Black "Saric, Ante"]
[Result "0-1"]
[WhiteTitle "GM"]
[BlackTitle "GM"]
[WhiteElo "2473"]
[BlackElo "2540"]
[WhiteFideId "14600013"]
[BlackFideId "14506254"]
[EventDate "2017.12.15"]
[EventType "blitz"]

1. Nf3 Nf6 2. c4 e6 3. g3 d5 4. Bg2 dxc4 5. Qa4+ Bd7 6. Qxc4 c5 7. O-O Bc6 8.
Nc3 Nbd7 9. d3 Be7 10. Qb3 O-O 11. Bf4 Nd5 12. Nxd5 Bxd5 13. Qc2 Rc8 14. b3 b6
15. Rac1 Bxf3 16. Bxf3 Bg5 17. Bxg5 Qxg5 18. Bg2 Rfd8 19. a4 Qe7 20. a5 b5 21.
Qb2 Nf6 22. Rc2 Nd5 23. Rfc1 Nb4 24. Rc3 h5 25. h4 g6 26. Qd2 Rc7 27. Qf4 Na2
28. b4 e5 29. Qg5 Nxc3 30. Rxc3 cxb4 31. Qxe7 Rxe7 32. Rb3 a6 33. Rxb4 Rc8 34.
Bd5 Rc1+ 35. Kg2 Ra1 36. f4 exf4 37. Rxf4 Kg7 38. Kf2 Rxa5 39. Bc6 Ra2 40. Bf3
a5 41. d4 b4 42. d5 b3 43. d6 Rd7 44. Rd4 b2 45. Be4 Ra1 0-1

[Event "European Blitz 2017"]
[Site "Katowice POL"]
[Date "2017.12.15"]
[Round "16.7"]
[White "Castellanos Rodriguez, Renier"]
[Black "Ponkratov, Pavel"]
[Result "1-0"]
[WhiteTitle "IM"]
[BlackTitle "GM"]
[WhiteElo "2501"]
[BlackElo "2613"]
[WhiteFideId "3404650"]
[BlackFideId "4157800"]
[EventDate "2017.12.15"]
[EventType "blitz"]

1. d4 Nf6 2. Nf3 c5 3. d5 b5 4. c4 Qa5+ 5. Nfd2 Bb7 6. f3 a6 7. e4 d6 8. Bd3 g6
9. O-O Bg7 10. Nc3 b4 11. Ne2 O-O 12. Kh1 Nbd7 13. a4 bxa3 14. Rxa3 Qc7 15. f4
e6 16. dxe6 fxe6 17. Nc3 Rad8 18. Qe2 Nb8 19. Nf3 Nc6 20. Ng5 Nd4 21. Qe1 Rde8
22. Be3 h6 23. Nh3 Ng4 24. Bg1 Qe7 25. Qg3 h5 26. Ng5 e5 27. Nh3 exf4 28. Nxf4
Rxf4 29. Qxf4 Be5 30. Qd2 Qh4 31. h3 Bc8 32. Nd5 Kg7 33. Bb1 Nf6 34. b4 Nxd5 35.
exd5 cxb4 36. Re3 b3 37. Re4 Qg3 38. Rxd4 Bxh3 39. Rd3 Bxg2+ 40. Qxg2 Qh4+ 41.
Rh3 1-0

[Event "European Blitz 2017"]
[Site "Katowice POL"]
[Date "2017.12.15"]
[Round "16.8"]
[White "Maier, Christian"]
[Black "Bartel, Mateusz"]
[Result "0-1"]
[WhiteTitle "IM"]
[BlackTitle "GM"]
[WhiteElo "2393"]
[BlackElo "2609"]
[WhiteFideId "4601955"]
[BlackFideId "1112635"]
[EventDate "2017.12.15"]
[EventType "blitz"]

1. e4 e5 2. Nf3 Nc6 3. Bc4 Nf6 4. d3 Be7 5. c3 O-O 6. Bb3 d6 7. Nbd2 Kh8 8. h3
Nh5 9. Nf1 Nf4 10. Bxf4 exf4 11. g4 Be6 12. d4 d5 13. e5 f6 14. exf6 Bxf6 15.
Bc2 Qe8 16. Qe2 Na5 17. O-O-O Nc4 18. N1d2 b5 19. Nb3 Qc6 20. Nc5 Bg8 21. g5
Rae8 22. Qd3 Be7 23. h4 Bxc5 24. dxc5 Qxc5 25. Nd4 b4 26. h5 Ne5 27. Qh3 bxc3
28. Qxc3 Qxc3 29. bxc3 c5 30. Nb5 Ng4 31. Rd2 Re7 32. Rh4 Ne5 33. Re2 a6 34. Nc7
Rxc7 35. Rxe5 d4 36. g6 h6 37. Rh3 f3 38. Rh4 Bxa2 39. Kb2 Bg8 40. cxd4 Rb8+ 0-1

[Event "European Blitz 2017"]
[Site "Katowice POL"]
[Date "2017.12.15"]
[Round "16.9"]
[White "Moranda, Wojciech"]
[Black "Chigaev, Maksim"]
[Result "1-0"]
[WhiteTitle "GM"]
[BlackTitle "GM"]
[WhiteElo "2593"]
[BlackElo "2555"]
[WhiteFideId "1122401"]
[BlackFideId "4108116"]
[EventDate "2017.12.15"]
[EventType "blitz"]

1. d4 Nf6 2. c4 g6 3. Nc3 Bg7 4. e4 O-O 5. f4 d6 6. Nf3 e5 7. fxe5 dxe5 8. d5
Na6 9. Bd3 Nc5 10. Bc2 a5 11. O-O Ne8 12. Be3 b6 13. a3 Nd6 14. Nd2 f5 15. Qe2
f4 16. Bf2 a4 17. Bxc5 bxc5 18. Nxa4 Nb7 19. b4 Qd6 20. Qf2 Rxa4 21. Bxa4 cxb4
22. axb4 Qxb4 23. Bc2 g5 24. Rab1 Qc3 25. Rfc1 g4 26. Bd1 Qa3 27. Rc2 f3 28.
gxf3 Bh6 29. Kh1 Be3 30. Qg2 Kh8 31. Nf1 Bd4 32. fxg4 Nc5 33. Ng3 Qe3 34. Re2
Qd3 35. Bc2 Qxc4 36. Nf5 Rg8 37. Qf3 Rf8 38. Rg2 Bd7 39. g5 Bxf5 40. exf5 e4 41.
Bxe4 Be5 42. Bc2 Qh4 43. f6 Nd7 44. Qg4 Qxg4 45. Rxg4 Bd6 46. Rh4 Rf7 47. Bg6 1-0

[Event "European Blitz 2017"]
[Site "Katowice POL"]
[Date "2017.12.15"]
[Round "16.10"]
[White "Demidov, Mikhail"]
[Black "Aleksandrov, Aleksej"]
[Result "1-0"]
[WhiteTitle "IM"]
[BlackTitle "GM"]
[WhiteElo "2523"]
[BlackElo "2589"]
[WhiteFideId "4197143"]
[BlackFideId "13500139"]
[EventDate "2017.12.15"]
[EventType "blitz"]

1. d4 Nf6 2. Nf3 d5 3. Bf4 c5 4. dxc5 Qa5+ 5. Nbd2 Nc6 6. a3 Qxc5 7. e3 Bg4 8.
h3 Bh5 9. g4 Bg6 10. c4 dxc4 11. Nxc4 Rd8 12. Qb3 Be4 13. Be2 Bd5 14. Qc3 b5 15.
b4 Ne4 16. Qb2 Qxc4 17. Bxc4 Bxc4 18. Rd1 Rxd1+ 19. Kxd1 f6 20. Kc2 e5 21. Bg3
Be7 22. Nd2 Nxd2 23. Kxd2 O-O 24. Rc1 a5 25. bxa5 Nxa5 26. Ke1 Nb3 27. Rxc4 bxc4
28. Qc2 Rc8 29. Ke2 Bxa3 30. Qf5 Rc7 31. Qe6+ Kf8 32. Qb6 Rc8 33. Qa6 1-0

[Event "European Blitz 2017"]
[Site "Katowice POL"]
[Date "2017.12.15"]
[Round "16.11"]
[White "Dziuba, Marcin"]
[Black "Wojtaszek, Radoslaw"]
[Result "1-0"]
[WhiteTitle "GM"]
[BlackTitle "GM"]
[WhiteElo "2584"]
[BlackElo "2736"]
[WhiteFideId "1112953"]
[BlackFideId "1118358"]
[EventDate "2017.12.15"]
[EventType "blitz"]

1. d4 Nf6 2. c4 e6 3. g3 Bb4+ 4. Bd2 Be7 5. Bg2 d5 6. Nf3 Nbd7 7. O-O O-O 8. Qc2
c6 9. b3 b6 10. Nc3 Ba6 11. Bf4 Rc8 12. Rfd1 dxc4 13. Ne5 Nd5 14. bxc4 Nxf4 15.
gxf4 Nxe5 16. dxe5 Qc7 17. Ne4 Rfd8 18. c5 bxc5 19. Nxc5 Bxc5 20. Qxc5 Rxd1+ 21.
Rxd1 Bxe2 22. Rd6 Qb8 23. h4 h6 24. Kh2 Qb5 25. Qxa7 c5 26. a4 Qb4 27. Rd7 Qxf4+
28. Kg1 c4 29. Qb7 Rf8 30. a5 c3 31. Qc7 Qc1+ 32. Kh2 c2 33. Rd4 Qb2 34. Rd8
c1=Q 35. Rxf8+ Kh7 36. Be4+ 1-0

[Event "European Blitz 2017"]
[Site "Katowice POL"]
[Date "2017.12.15"]
[Round "16.12"]
[White "Brunello, Sabino"]
[Black "Schneider, Ilja"]
[Result "1-0"]
[WhiteTitle "GM"]
[BlackTitle "IM"]
[WhiteElo "2553"]
[BlackElo "2517"]
[WhiteFideId "813613"]
[BlackFideId "4663306"]
[EventDate "2017.12.15"]
[EventType "blitz"]

1. b3 d5 2. Bb2 Bg4 3. h3 Bh5 4. Nf3 Nd7 5. g3 e6 6. Bg2 Ngf6 7. O-O Bd6 8. c4
O-O 9. d3 c6 10. Nbd2 Qe7 11. a3 a5 12. cxd5 cxd5 13. Nd4 Rfc8 14. N2f3 Bc5 15.
Qd2 Ne8 16. Nc2 Bg6 17. b4 axb4 18. axb4 Bb6 19. Nfd4 Nd6 20. Kh2 f6 21. f4 Bf7
22. Ne3 f5 23. Nf3 Be8 24. Nc2 Nb5 25. Ncd4 Nxd4 26. Bxd4 Bxd4 27. Nxd4 Nf8 28.
Ra5 Rxa5 29. bxa5 Qc5 30. Nf3 Ra8 31. Rb1 Bc6 32. Ra1 Nd7 33. e3 Ra6 34. Nd4 Kf7
35. g4 g6 36. gxf5 exf5 37. Bf3 Nf6 38. Kg3 Bd7 39. Kf2 b6 40. Nb3 Qd6 41. axb6
Rxa1 42. Nxa1 Qxb6 43. Nc2 Qc5 44. Nd4 Kg7 45. Qb2 Qd6 46. Bd1 g5 47. Ne2 h6 48.
Qe5 Qe6 49. Nd4 Qxe5 50. fxe5 Ne8 51. e6 Bc8 52. Nxf5+ Kf6 53. Nxh6 Nd6 54. Bg4
Bxe6 55. Bxe6 Kxe6 56. Ng4 Nf5 57. Ke2 Ng3+ 58. Kf3 Nf5 59. Nh2 Nh4+ 60. Kf2 Kf5
61. Nf3 Ng6 62. Kg3 Ne7 63. Nd4+ Kg6 64. Kg4 Kf6 65. Kg3 Ke5 66. Kf3 Kf6 67. Kg4
Ng6 68. Nf3 1-0

[Event "European Blitz 2017"]
[Site "Katowice POL"]
[Date "2017.12.15"]
[Round "16.13"]
[White "Georgiev, Kiril"]
[Black "Kuzmicz, Krystian"]
[Result "0-1"]
[WhiteTitle "GM"]
[BlackTitle "IM"]
[WhiteElo "2623"]
[BlackElo "2460"]
[WhiteFideId "2900017"]
[BlackFideId "1119125"]
[EventDate "2017.12.15"]
[EventType "blitz"]

1. d4 g6 2. e4 Bg7 3. Nc3 c6 4. f4 d5 5. e5 Nh6 6. Nf3 Bg4 7. h3 Bxf3 8. Qxf3
O-O 9. g4 f6 10. Qg3 fxe5 11. dxe5 e6 12. h4 Nd7 13. Bd2 b5 14. O-O-O b4 15. Ne2
c5 16. h5 g5 17. fxg5 Bxe5 18. Qg2 Nf7 19. g6 Ng5 20. gxh7+ Kh8 21. h6 Qf6 22.
Kb1 Ne4 23. g5 Qg6 24. Bc1 Nf2 25. Re1 Nxh1 26. Qxh1 c4 27. Ng1 Bf4 28. Nf3 Bxc1
29. Rxc1 Rf4 30. Be2 Raf8 31. Qg1 Rxf3 32. Bxf3 Rxf3 33. Qxa7 Rf7 34. Qa8+ Kxh7
35. Qb7 b3 36. axb3 Nc5 37. Qb4 Nxb3 38. Rg1 Nd4 39. Qa4 Nf3 40. Rg2 e5 41. Qb5
Nd4 42. Qb4 Rf1+ 43. Ka2 Qa6+ 44. Qa3 Qxa3+ 45. bxa3 Kg6 46. a4 e4 47. Rd2 e3
48. Rxd4 e2 0-1

[Event "European Blitz 2017"]
[Site "Katowice POL"]
[Date "2017.12.15"]
[Round "16.14"]
[White "Fedorchuk, Sergey A."]
[Black "Fridman, Daniel"]
[Result "0-1"]
[WhiteTitle "GM"]
[BlackTitle "GM"]
[WhiteElo "2648"]
[BlackElo "2633"]
[WhiteFideId "14102536"]
[BlackFideId "11600454"]
[EventDate "2017.12.15"]
[EventType "blitz"]

1. e4 e6 2. d4 d5 3. Bd3 c5 4. exd5 Qxd5 5. Nc3 Qd8 6. Nf3 cxd4 7. Nxd4 a6 8.
Be3 Nf6 9. O-O Nbd7 10. Re1 Qc7 11. Qe2 Bb4 12. Bd2 Bc5 13. Nxe6 fxe6 14. Qxe6+
Kd8 15. Bg5 Qb6 16. Qf5 Re8 17. Nd5 Qxb2 18. Qf4 Re5 19. Nxf6 Rxe1+ 20. Rxe1
gxf6 21. Bh4 Qd4 22. Qg3 Bd6 23. Qg7 Qxh4 24. g3 Qb4 25. Rd1 Kc7 26. Bf5 Qc5 27.
Qxh7 a5 28. h4 a4 29. Kg2 Ra5 30. Bg4 f5 31. Bf3 Kb8 32. Rd5 Qb6 33. Qxf5 Ne5
34. Rxa5 Bxf5 0-1

[Event "European Blitz 2017"]
[Site "Katowice POL"]
[Date "2017.12.15"]
[Round "16.15"]
[White "Michalik, Peter"]
[Black "Stocek, Jiri"]
[Result "1-0"]
[WhiteTitle "GM"]
[BlackTitle "GM"]
[WhiteElo "2557"]
[BlackElo "2566"]
[WhiteFideId "14907526"]
[BlackFideId "304760"]
[EventDate "2017.12.15"]
[EventType "blitz"]

1. d4 Nf6 2. c4 c5 3. d5 b5 4. cxb5 a6 5. bxa6 g6 6. Nc3 Bg7 7. a7 Rxa7 8. e4
O-O 9. Nf3 e6 10. Be2 exd5 11. exd5 d6 12. O-O Re8 13. Bf4 Nh5 14. Bg5 Bf6 15.
Bxf6 Qxf6 16. Nd2 Nf4 17. Re1 Rae7 18. Nf3 Bg4 19. Qd2 Nxe2+ 20. Rxe2 Rxe2 21.
Nxe2 Bxf3 22. gxf3 Qxf3 23. Ng3 Nd7 24. Re1 Rxe1+ 25. Qxe1 Qxd5 26. Qe8+ Nf8 27.
a4 Kg7 28. Qe4 Qd1+ 29. Kg2 Ne6 30. h4 Qa1 31. b3 Qd1 32. Qf3 Nd4 33. Qxd1 1-0

[Event "European Blitz 2017"]
[Site "Katowice POL"]
[Date "2017.12.15"]
[Round "16.17"]
[White "Krejci, Jan2"]
[Black "Hracek, Zbynek"]
[Result "0-1"]
[WhiteTitle "GM"]
[BlackTitle "GM"]
[WhiteElo "2570"]
[BlackElo "2592"]
[WhiteFideId "322156"]
[BlackFideId "300071"]
[EventDate "2017.12.15"]
[EventType "blitz"]

1. d4 Nf6 2. c4 e6 3. Nf3 Bb4+ 4. Nbd2 a5 5. a3 Bxd2+ 6. Qxd2 a4 7. Qc2 d6 8. e4
Nc6 9. Bd3 e5 10. d5 Ne7 11. c5 O-O 12. Bg5 Ng6 13. h4 h6 14. h5 Nf4 15. Bxf4
exf4 16. Qd2 Re8 17. O-O-O Nxe4 18. Qxf4 Nxf2 19. Bc2 Nxh1 20. Rxh1 dxc5 21. Kb1
Qd6 22. Qc4 Bd7 23. g4 Re3 24. Rd1 b5 25. Qf1 Qf4 26. Rd3 Rae8 27. Qd1 Bxg4 0-1

[Event "European Blitz 2017"]
[Site "Katowice POL"]
[Date "2017.12.15"]
[Round "16.18"]
[White "Klekowski, Maciej"]
[Black "Arnaudov, G. Petar"]
[Result "0-1"]
[WhiteTitle "IM"]
[BlackTitle "GM"]
[WhiteElo "2498"]
[BlackElo "2439"]
[WhiteFideId "1132717"]
[BlackFideId "2907127"]
[EventDate "2017.12.15"]
[EventType "blitz"]

1. c4 Nf6 2. Nc3 e6 3. d4 Bb4 4. e3 O-O 5. Bd3 c5 6. a3 Ba5 7. Ne2 d5 8. cxd5
cxd4 9. exd4 Nxd5 10. O-O Nc6 11. Bc2 Nce7 12. Qd3 Ng6 13. Ne4 Bb6 14. Ng5 Qf6
15. Nf3 h6 16. Ne5 Nde7 17. Nf4 Rd8 18. Nfxg6 Nxg6 19. Nxg6 Qxg6 20. Qxg6 fxg6
21. Bxg6 Bxd4 22. Be3 Bxb2 23. Rad1 Bd7 24. Rb1 Bxa3 25. Rxb7 a5 26. Bb6 Bc6 27.
Rc7 Rdc8 28. Re7 Bxe7 0-1

[Event "European Blitz 2017"]
[Site "Katowice POL"]
[Date "2017.12.15"]
[Round "16.19"]
[White "Costachi, Mihnea"]
[Black "Trent, Lawrence"]
[Result "0-1"]
[WhiteTitle "IM"]
[BlackTitle "IM"]
[WhiteElo "2441"]
[BlackElo "2436"]
[WhiteFideId "1217518"]
[BlackFideId "408638"]
[EventDate "2017.12.15"]
[EventType "blitz"]

1. d4 d5 2. c4 e5 3. e3 exd4 4. exd4 Nf6 5. Nf3 Bb4+ 6. Bd2 Bxd2+ 7. Nbxd2 O-O
8. Be2 dxc4 9. Nxc4 Be6 10. O-O Nc6 11. Nce5 Bd5 12. Re1 Qd6 13. Rc1 Rfe8 14.
Qa4 h6 15. Bb5 Bxf3 16. Nxf3 Rxe1+ 17. Rxe1 Ne7 18. Bd3 c6 19. Qb3 Rb8 20. h3
Ned5 21. Bb1 Qb4 22. Qc2 g6 23. a3 Qb6 24. Qd2 Kg7 25. Ne5 Rd8 26. b4 Nc7 27.
Qa2 Rd5 28. Nf3 Ne6 29. Be4 Nxe4 30. Rxe4 Qd8 31. Qe2 Qf6 32. Qe3 a5 33. bxa5
Rxa5 34. Qb3 Rb5 35. Qc2 Rd5 36. Qb2 Rb5 37. Qc2 Qf5 38. Nh4 Qd5 39. Nf3 Qb3 40.
Qe2 Qxa3 41. Re5 Qc1+ 42. Kh2 Qf4+ 43. g3 Rxe5 44. dxe5 Qb4 45. Qc2 Qc5 46. Qb2
b5 47. Kg2 Qd5 48. Qd2 Qe4 49. Qe1 Qd5 50. Qd2 Qxd2 51. Nxd2 c5 52. f4 c4 53.
Kf2 Nd4 54. Ke3 Nf5+ 55. Kf3 c3 56. Nb3 c2 57. Nc1 b4 58. Ke4 Nxg3+ 59. Kd3 Nh5
60. Kxc2 Nxf4 61. Kb3 Nxh3 62. Kxb4 Nf2 63. Kc4 h5 64. Kd4 g5 65. Ke3 Ng4+ 66.
Ke4 Kg6 67. Nd3 h4 68. Ne1 h3 69. Kf3 Nxe5+ 70. Kg3 g4 71. Nc2 f5 72. Nd4 Nf7
73. Ne6 Ng5 74. Nf4+ Kf6 75. Nd3 Ne4+ 76. Kh2 Kg5 77. Ne5 Nf6 78. Kg3 Nh5+ 79.
Kh2 Kf4 80. Ng6+ Ke4 81. Nh4 Nf4 82. Kg3 Ne2+ 83. Kf2 Nd4 84. Kg3 f4+ 85. Kh2
Nf3+ 0-1

[Event "European Blitz 2017"]
[Site "Katowice POL"]
[Date "2017.12.15"]
[Round "16.20"]
[White "Tari, Aryan"]
[Black "Jakubowski, Krzysztof"]
[Result "0-1"]
[WhiteTitle "GM"]
[BlackTitle "GM"]
[WhiteElo "2593"]
[BlackElo "2526"]
[WhiteFideId "1510045"]
[BlackFideId "1112848"]
[EventDate "2017.12.15"]
[EventType "blitz"]

1. e4 c5 2. Nf3 d6 3. Nc3 a6 4. g3 Nc6 5. d4 cxd4 6. Nxd4 Nf6 7. Bg2 Bd7 8. O-O
e6 9. Be3 Be7 10. f4 Rc8 11. Qe2 b5 12. Rad1 Qc7 13. a3 Na5 14. g4 g6 15. Nb3
Nc4 16. g5 Nh5 17. Bd4 O-O 18. Rb1 Bc6 19. Nd2 e5 20. fxe5 dxe5 21. Be3 Nxe3 22.
Qxe3 Nf4 23. Qg3 Rfd8 24. Nf3 Bxe4 25. Kh1 Bxc2 26. Rbe1 Nxg2 27. Kxg2 Bd6 28.
Nd2 e4 29. Qh4 Qb7 30. Ndxe4 Be5 31. Kg1 Bd4+ 32. Rf2 Re8 33. Nf6+ Bxf6 34.
Rxe8+ Rxe8 35. Kf1 Bd3+ 0-1

[Event "European Blitz 2017"]
[Site "Katowice POL"]
[Date "2017.12.15"]
[Round "16.21"]
[White "Warakomski, Tomasz"]
[Black "Krzyzanowski, Marcin"]
[Result "1/2-1/2"]
[WhiteTitle "GM"]
[BlackTitle "IM"]
[WhiteElo "2537"]
[BlackElo "2457"]
[WhiteFideId "1124552"]
[BlackFideId "1132199"]
[EventDate "2017.12.15"]
[EventType "blitz"]

1. e4 c5 2. Nf3 d6 3. d4 cxd4 4. Nxd4 Nf6 5. Nc3 g6 6. Bg5 Bg7 7. Bb5+ Bd7 8.
Qe2 a6 9. Bxd7+ Nbxd7 10. O-O-O Rc8 11. Nd5 Nxd5 12. exd5 Nf6 13. Rhe1 Rc7 14.
Kb1 O-O 15. Qf3 Rc5 16. Nb3 Rc8 17. c3 a5 18. Rd4 b5 19. Rd2 b4 20. cxb4 axb4
21. Nd4 Qd7 22. Nc6 Nxd5 23. Qxd5 Qxc6 24. Qxc6 Rxc6 25. Rxe7 Rfc8 26. Rde2 h6
27. Re8+ Kh7 28. Rxc8 Rxc8 29. Bd2 Rc4 30. f3 d5 31. h3 g5 32. b3 Rd4 33. Kc2
Kg6 34. Re7 Bf8 35. Rb7 h5 36. g4 hxg4 37. hxg4 f6 38. Rb6 Kf7 39. Ra6 Bc5 40.
Ra5 Bf8 41. Ra4 Bd6 42. a3 Rxd2+ 43. Kxd2 bxa3 44. b4 Ke6 45. Kc3 Be5+ 46. Kb3
Bb2 47. Rxa3 Bxa3 48. Kxa3 Ke5 49. b5 d4 50. Kb4 Kd5 51. b6 Kc6 52. Kc4 Kxb6 53.
Kxd4 Kc6 54. Ke4 Kd6 55. Kf5 Ke7 56. Kg6 Ke6 57. Kg7 Ke7 58. Kh6 Ke6 59. Kg6 Ke7
60. Kg7 Ke6 61. Kg6 Ke7 1/2-1/2

[Event "European Blitz 2017"]
[Site "Katowice POL"]
[Date "2017.12.15"]
[Round "16.22"]
[White "Klabis, Rokas"]
[Black "Kislinsky, Alexey"]
[Result "1-0"]
[WhiteTitle "FM"]
[BlackTitle "GM"]
[WhiteElo "2366"]
[BlackElo "2513"]
[WhiteFideId "12805246"]
[BlackFideId "14108801"]
[EventDate "2017.12.15"]
[EventType "blitz"]

1. e4 c5 2. Nc3 g6 3. g3 Bg7 4. Bg2 Nc6 5. Nge2 Rb8 6. O-O b5 7. d3 Nf6 8. Qe1
b4 9. Nd1 d6 10. f4 Bb7 11. h3 a5 12. g4 Nd7 13. Ne3 a4 14. a3 Nb6 15. f5 Ne5
16. axb4 cxb4 17. Qxb4 O-O 18. Qe1 d5 19. d4 Nec4 20. Nxc4 Nxc4 21. e5 Qb6 22.
Kh1 Nxb2 23. Bxb2 Qxb2 24. Rxa4 Qxc2 25. Ra5 Ra8 26. Rc5 Qb2 27. Nc3 e6 28. Rb5
Qc2 29. Rxb7 Rfc8 30. Ne2 Ra2 31. fxe6 fxe6 32. Qf2 Rf8 33. Rxg7+ 1-0

[Event "European Blitz 2017"]
[Site "Katowice POL"]
[Date "2017.12.15"]
[Round "16.23"]
[White "Dzhuguryan, Tygran"]
[Black "Plat, Vojtech"]
[Result "0-1"]
[BlackTitle "GM"]
[WhiteElo "2220"]
[BlackElo "2567"]
[WhiteFideId "21872988"]
[BlackFideId "325740"]
[EventDate "2017.12.15"]
[EventType "blitz"]

1. d4 Nf6 2. c4 g6 3. Nc3 d5 4. cxd5 Nxd5 5. e4 Nxc3 6. bxc3 Bg7 7. Qa4+ Nd7 8.
Nf3 O-O 9. Be3 c5 10. Be2 cxd4 11. cxd4 Nb6 12. Qa3 Bg4 13. Rc1 Bxf3 14. Bxf3
Bxd4 15. O-O Bxe3 16. Qxe3 e5 17. Qc5 Re8 18. Rfd1 Qg5 19. g3 Rac8 20. Qa3 Nc4
21. Qb4 Nd2 22. Rxc8 Nxf3+ 23. Kg2 Rxc8 24. Kxf3 Qh5+ 25. g4 Qh3+ 26. Ke2 Qxg4+ 0-1

[Event "European Blitz 2017"]
[Site "Katowice POL"]
[Date "2017.12.15"]
[Round "16.24"]
[White "McShane, Luke J"]
[Black "Pena Gomez, Manuel"]
[Result "1-0"]
[WhiteTitle "GM"]
[BlackTitle "IM"]
[WhiteElo "2640"]
[BlackElo "2491"]
[WhiteFideId "404853"]
[BlackFideId "2252813"]
[EventDate "2017.12.15"]
[EventType "blitz"]

1. d4 Nf6 2. Nf3 c5 3. d5 e6 4. Nc3 b5 5. dxe6 fxe6 6. Nxb5 d5 7. e3 a6 8. Nc3
Bd6 9. g3 O-O 10. Bg2 Nc6 11. O-O Qe7 12. e4 dxe4 13. Ng5 Bb7 14. Ncxe4 Nxe4 15.
Nxe4 Be5 16. Bg5 Bf6 17. Bxf6 gxf6 18. Nd6 Rad8 19. Qg4+ Kh8 20. Nxb7 Qxb7 21.
Qxe6 Rc8 22. Rad1 Qc7 1-0

[Event "European Blitz 2017"]
[Site "Katowice POL"]
[Date "2017.12.15"]
[Round "16.25"]
[White "Sammalvuo, Tapani"]
[Black "Buhmann, Rainer"]
[Result "0-1"]
[WhiteTitle "IM"]
[BlackTitle "GM"]
[WhiteElo "2416"]
[BlackElo "2584"]
[WhiteFideId "501115"]
[BlackFideId "4651340"]
[EventDate "2017.12.15"]
[EventType "swiss"]

1. Nf3 d5 2. d4 Nf6 3. c4 e6 4. Nc3 c6 5. e3 Nbd7 6. Bd3 dxc4 7. Bxc4 b5 8. Bd3
a6 9. a4 Bb7 10. O-O b4 11. Ne4 c5 12. Ned2 Bd6 13. e4 cxd4 14. Nc4 Bc7 15. e5
Bxf3 16. Qxf3 Bxe5 17. Qh3 Bc7 18. Bg5 Nc5 19. Be2 O-O 20. Rad1 e5 21. Bg4 h6
22. Bh4 g5 23. Bf5 Re8 24. f4 exf4 25. Bf2 Kg7 26. Bxd4 Qe7 27. Bb1 Rad8 28. Ne3
Qxe3+ 29. Bxe3 Rxd1 30. Rxd1 Rxe3 31. Qf5 Bb6 32. Kf1 Nce4 33. a5 Bc7 34. Bxe4
Rxe4 35. Rc1 Be5 36. Rc6 Re3 37. Rxa6 Ne4 38. Qxe5+ f6 39. Qc7+ Kg6 40. Rd6 0-1

[Event "European Blitz 2017"]
[Site "Katowice POL"]
[Date "2017.12.15"]
[Round "16.26"]
[White "Pavlidis, Antonios"]
[Black "Kazakovskiy, Valeriy"]
[Result "1-0"]
[WhiteTitle "GM"]
[BlackTitle "IM"]
[WhiteElo "2539"]
[BlackElo "2422"]
[WhiteFideId "4212312"]
[BlackFideId "13507443"]
[EventDate "2017.12.15"]
[EventType "blitz"]

1. e4 c5 2. Nf3 a6 3. b3 d6 4. Bb2 e5 5. c3 Nf6 6. Bd3 Nc6 7. Bc2 Qc7 8. h3 g6
9. a3 Bg7 10. d4 exd4 11. cxd4 Nh5 12. Nc3 Nf4 13. dxc5 O-O 14. Nd5 Nxd5 15.
Bxg7 Kxg7 16. exd5 Re8+ 17. Kf1 Ne7 18. Qd4+ Kg8 19. b4 Bf5 20. Bb3 Rad8 21. g4
Bd7 22. Ng5 f5 23. Qf6 Bb5+ 24. Kg1 Rf8 25. Qe6+ Kg7 26. Qe3 Kg8 27. Ne6 Qd7 28.
a4 f4 29. Qd4 1-0